000 00369nam a22001577a 4500
003 macl
005 20230303164127.0
008 230303b |||||||| |||| 00| 0 eng d
040 _cmacl
082 _a590/SIN
100 _aSINGH,H.S.
_981384
245 _aAsiatic Lion
260 _a Delhi
_bPublications
_c 2019
650 _aanimal senice
_981802
942 _2ddc
_cBK
999 _c65967
_d65967